00599 2200193 4500001002100000005001700021008004100038020002200079035002400101040001200125090001500137245010800152250001000260260004400270300002500314650003200339850001200371990002200383YOGYA-0212000000016920120213203406.0 ind  a978-979-1317-74-0 0010-021200000000169 aYOPDYOG aDEP 342.02 aUndang-Undang Dasar Negara Republik Indonesia Tahun 1945 9dipadukan dengan amandemen I, II, III dan IV) aCet.1 aYogyakartabUniversitas Atma Jayac2010 a181 hlmbilusc15 cm aUndang-undang Dasar RI 1945 aYOPDYOG aCB-D.11-2011-2191